Azad Hind and Chalo Delhi stamps of the Indian Legion and Indian National Army of Subhas Chandra Bose 1941-1945, The (Record no. 1446)

000 -LEADER
fixed length control field 00359nam a22001217a 4500
003 - CONTROL NUMBER IDENTIFIER
control field OSt
008 - FIXED-LENGTH DATA ELEMENTS--GENERAL INFORMATION
fixed length control field 150511b xxu||||| |||| 00| 0 eng d
041 ## - LANGUAGE CODE
Language code of text/sound track or separate title eng
100 1# - MAIN ENTRY--PERSONAL NAME
Personal name Freeston, Andrew
245 10 - TITLE STATEMENT
Title Azad Hind and Chalo Delhi stamps of the Indian Legion and Indian National Army of Subhas Chandra Bose 1941-1945, The
260 ## - PUBLICATION, DISTRIBUTION, ETC. (IMPRINT)
Name of publisher, distributor, etc. The Author
300 ## - PHYSICAL DESCRIPTION
Extent 0 pages
Holdings
Withdrawn status Lost status Damaged status Not for loan Collection code Permanent Location Current Location Date acquired Total Checkouts Barcode Date last seen Price effective from Koha item type
        Richard Drews Northern Philatelic Library Northern Philatelic Library 05/11/2015   1001716 06/28/2015 06/28/2015 Books

Powered by Koha